000 00533nam a2200193Ia 4500
005 20250508153011.0
008 008 250505s9999 xx 000 0 eng d
037 _aTextual
040 _aFEDL
_beng
_cFEDL
041 _aeng
_2eng
084 _a309.60, SAM
_qFEDL
100 _aSampson Anthony
245 0 _aCommon sense about Africa
260 _aLondon, UK
_bVictor Gollancz Limited
_c1960
300 _a175p.
490 _aThe Common Sense Series
942 _cTEXL
_h309.60, SAM
999 _c1340078
_d1340078